书目信息 |
| 题名: |
向上流动
|
|
| 作者: | 蔡美儿 , 杰德·鲁本菲尔德 著 ;李小霞 译 | |
| 分册: | ||
| 出版信息: | 北京 中信出版社 2020.11 |
|
| 页数: | 280页 | |
| 开本: | 20cm | |
| 丛书名: | ||
| 单 册: | ||
| 中图分类: | C91 | |
| 科图分类: | ||
| 主题词: | 社会学 | |
| 电子资源: | ||
| ISBN: | 978-7-5217-1705-1 | |
| 000 | 01445nam0 2200253 450 | |
| 001 | 2452087556 | |
| 005 | 20241104143813.87 | |
| 010 | @a978-7-5217-1705-1@dCNY48.00 | |
| 100 | @a20241104d2020 km y0chiy0120 ea | |
| 101 | 0 | @achi |
| 102 | @aCN@b110000 | |
| 200 | 1 | @a向上流动@AXiang Shang Liu Dong@e接近成功的三要素@f(美) 蔡美儿, 杰德·鲁本菲尔德著;李小霞译@F(Mei)Cai Mei Er,Jie De·Lu Ben Fei Er De Zhu;Li Xiao Xia Yi |
| 210 | @a北京@c中信出版社@d2020.11 | |
| 215 | @a280页@d20cm | |
| 300 | @a本书把蔡美儿《虎妈战歌》里的小家庭教育模式, 放大到整体层面, 以翔实的统计数据, 深刻的调研分析, 总结了那些生下来并没拿到一手好牌, 却在长大成人后突破出身限制, 成功向上流动的族群之所以成功的家庭教养“三要素 ” 。 这三要素包括 : 优越感 ( superiority ) 、不安全感 ( insecurity ) 和克制力 ( impulse control ) 。 在这三要素的的配合下, 父母和孩子通常都能得到动力, 驱动他们获得成功 : 不是靠运气或关系, 而是靠努力工作。 当你在生活中正确地理解和运用这三要素时, 你就不再受任何特定的成功定义的约束, 向上的流动性依然存在, 而且生机勃勃。 | |
| 510 | 1 | @a=Triple package : how three unlikely traits explain the rise and fall of cultural groups in America |
| 517 | 1 | @a接近成功的三要素@AJie Jin Cheng Gong De San Yao Su |
| 606 | 0 | @a社会学 |
| 690 | @aC91@v4 | |
| 701 | 0 | @a蔡美儿@ACai Mei Er@4著 |
| 701 | 0 | @a杰德·鲁本菲尔德@AJie De·Lu Ben Fei Er De@4著 |
| 702 | 0 | @a李小霞@ALi Xiao Xia@4译 |
| 801 | 0 | @aCN@b河南城建学院图书馆@c20241104 |
| 905 | @dC91@eC040 | |
| 向上流动:接近成功的三要素/(美) 蔡美儿, 杰德·鲁本菲尔德著;李小霞译.-北京:中信出版社,2020.11 |
| 280页;20cm |
| 本书把蔡美儿《虎妈战歌》里的小家庭教育模式, 放大到整体层面, 以翔实的统计数据, 深刻的调研分析, 总结了那些生下来并没拿到一手好牌, 却在长大成人后突破出身限制, 成功向上流动的族群之所以成功的家庭教养“三要素 ” 。 这三要素包括 : 优越感 ( superiority ) 、不安全感 ( insecurity ) 和克制力 ( impulse control ) 。 在这三要素的的配合下, 父母和孩子通常都能得到动力, 驱动他们获得成功 : 不是靠运气或关系, 而是靠努力工作。 当你在生活中正确地理解和运用这三要素时, 你就不再受任何特定的成功定义的约束, 向上的流动性依然存在, 而且生机勃勃。 |
| ISBN 978-7-5217-1705-1:CNY48.00 |
| ● |
| 相关链接 |
|
|
|
正题名:向上流动
索取号:C91/C040
 
预约/预借
| 序号 | 登录号 | 条形码 | 馆藏地/架位号 | 状态 | 备注 |
| 1 | 1553611 | 215536114 | 社科库509/509社科库 56排1列3层/ [索取号:C91/C040] | 在馆 |